Código nacional de recursos naturales renovables y de protección al medio ambiente (Registro nro. 20084)

Detalles MARC
000 -CABECERA
Campo de control 00730nam a2200217 a 4500
005 - FECHA Y HORA DE LA ULTIMA TRANSACCION
Campo de control 20191217042721.0
008 - ELEMENTOS DE LONGITUD FIJA—INFORMACION GENERAL
Campo de control 140113e1975 ck ||||| |||| 00| 0 spa d
040 ## - FUENTE DE CATALOGACIÓN
Agencia catalogadora original CO-BoIAVH
Agencia transcriptora CO-BoIAVH
041 ## - IDIOMA
Código de idioma para texto/pista de sonido o título separado Español
044 ## - PAÍS DE PUBLICACIÓN
País de publicación Colombia
090 ## - CLASIFICACIÓN LOCAL
Colección IND-I
Consecutivo 65
110 ## - ASIENTO PRINCIPAL--NOMBRE CORPORATIVO
Unidad subordinad Inderena
9 (RLIN) 12933
245 ## - MENCION DE TITULO
Título Código nacional de recursos naturales renovables y de protección al medio ambiente
260 ## - PUBLICACION, DISTRIBUCION, ETC. (PIE DE IMPRENTA)
Lugar de publicación, distribución, etc. Bogotá
Nombre del editor, distribuidor, etc. Inderena
Fecha de publicación, distribución, etc. 1986
300 ## - DESCRIPCION FISICA
Extensión 99. páginas
650 14 - ASIENTO SECUNDARIO DE MATERIA - TERMINO TEMATICO
Término temático o nombre geográfico como elemento de entrada Recursos naturales renovables
9 (RLIN) 93485
650 14 - ASIENTO SECUNDARIO DE MATERIA - TERMINO TEMATICO
Término temático o nombre geográfico como elemento de entrada Legislación ambiental
9 (RLIN) 92309
650 14 - ASIENTO SECUNDARIO DE MATERIA - TERMINO TEMATICO
Término temático o nombre geográfico como elemento de entrada Código Nacional de los Recursos Naturales Renovables y de Protección del Medio Ambiente
9 (RLIN) 3612
710 ## - ASIENTO SECUNDARIO - NOMBRE CORPORATIVO
Nombre corporativo o de jurisdicción como elemento de entrada Ministerio de Agricultura
9 (RLIN) 89225
942 ## - ELEMENTOS ADICIONALES (KOHA)
Tipo de ítem Informe Técnico
Sistema de clasificación Local
Existencias
Withdrawn status Lost status Sistema de Clasificación Damaged status No para préstamo Colección Ubicación Permanente Ubicación actual Fecha de adquisición Total Checkouts Número topográfico Inventario / Código de Barras Date last seen Ejemplar Price effective from Forma de adquisición Tipo de material
    Local     Fondo Inderena Bogotá Bogotá 18/01/2018   IND-I-65 000054 18/01/2018 Ej. 1 18/01/2018 Traslado Inderena Informe Técnico